000 00466nam a2200181Ia 4500
003 IN-BaIIA
008 211028s9999 xx 000 0 eng d
040 _cIIA Library
080 _aGEN
_bNAG
100 _aNagendra, H.R.
_915422
245 2 _aA new light for asthmatics
_cH. R. Nagendra
260 _aBangalore
_bVivekananda Kendra
_c1986
300 _a272p.
650 _aAsthmatics
_915423
650 _aGeneral
_99574
650 _aNASA Thesaurus
942 _cBK
999 _c9186
_d9186